La Bosnie-Herzégovine pour les touristes... - Facile - Statistiques

Statistiques générales
  • Ce quiz a été pris 61 fois
  • Le résultat moyen est 13 sur 20
Statistiques - réponses
Question Indice Réponses Indice facile % Correct
Quelles sont les langues officielles ? Croate C
94%
Quelles sont les langues officielles ? Serbe S
94%
Quelles sont les langues officielles ? Bosnien B
90%
Quelles sont les principales villes touristiques ? S Sarajevo
88%
La conduite se fait à droite ou à gauche ? Droite
85%
Quelles sont les principales villes touristiques ? M Mostar STROMA
83%
Dans la capitale y-a-t-il un décalage horaire avec Paris ? (oui/non) Non
83%
La religion majoritaire est Islam I
79%
Quelles autres langues sont répandues ? A Anglais
77%
Quelle est la monnaie ? Mark M
75%
Quel parc national peut-on visiter ? U Una AUN
69%
Quelles autres langues sont répandues ? A Allemand
67%
Achats à faire 2/ Objets en... Bois SIOB
63%
La vitesse est limitée sur autoroute à {130} km/h
62%
Achats à faire 1/ Eau de vie de Prune RUNEP
58%
Le taux d'alcoolémie toléré au volant est de {0.3} g/l
50%
Achats à faire 3/ Tissus décorés de Broderie BORDIERE
35%
Quelles sont les principales villes touristiques ? T Trebinje BENITEJR
35%
Le suffixe internet est ba
23%
P Pocitelj POLICEJT
13%
Aucun quiz correspondant
Distribution des résultats
% des personnes avec chaque résultat
Percentile par nombre de réponses
Votre historique - résultats
Vous n’avez pas pris ce quiz